000 00796nam a2200217 a 4500
001 000039136
005 20201002031519.0
008 130527s1983 dr c r 000 0 spa d
040 _aDO-SdBNP
_bspa
_cBNPHU
111 2 _aConcurso literario de Salcedo 1982
_n(1:
_d2005:
_dSanto Domingo)
_965339
245 1 0 _a1er. concurso literario de Salcedo 1982 /
_cJosé R. Canaán Forastieri... [et. al.].
246 1 0 _aPrimer concurso literario de Salcedo 1982
260 _aSanto Domingo :
_bONAP,
_c1983.
300 _a81 p. :
_bretrs. ;
_c22 cm.
490 1 _aEnsayos
_v8
700 1 _aAlmonte, José Federico
_965340
700 1 _aLangina Corniel Rosa, Zaida Maribel
_965341
700 1 _aJesús Hernández, Manuel de
_965342
700 1 _aCamilo Toribio, Disnaida
_965343
830 0 _aEnsayos
_n8
_965344
999 _c38626
_d38626